00624 a2200181 4500003000400000005001700004008004100021020001800062040000900080082001700089100003100106245008300137260002900220300000900249942004000258952012700298999001700425OSt20240823105645.0231018b |||||||| |||| 00| 0 eng d a9789352880997 coclc a492.7bWAF/I aWafy,mohammed shafi910478 aIDIOMS AND PHRASES IN ARABIC AND ENGLISH NEWSPAPERS /cDr. Mohammed Shafi Wafy aMalappuram:bWafy books, a223p 2ddccBKh492.7iWAF/Ik492.7mWAF/I 00102ddc40708GRAaMESbMEScARBd2023-10-18l0o492.7 WAF/Ip42926r2023-10-18 12:52:14v300.00w2023-10-18yBKzGR4R4 c42688d42688